| 000 | 01984nam a2200241Ia 4500 | ||
|---|---|---|---|
| 003 | OSt | ||
| 005 | 20241009164245.0 | ||
| 008 | 200731s9999 xx 000 0 und d | ||
| 020 | _a7511268439 | ||
| 020 | _a9787511268433 | ||
| 040 | _c0 | ||
| 041 | _achi | ||
| 050 |
_aBV4910 _b.Y36 2014 |
||
| 100 | _a楊牧谷 | ||
| 245 |
_a再生情緣 _b / _c楊牧谷 |
||
| 246 | _a再生情缘 | ||
| 260 |
_a北京: _b卓越書樓, _c1995 |
||
| 300 |
_a238 p. _b; _c21 cm. |
||
| 505 | _a I 上篇 -- 1. RW92-2095 -- 2. 痊愈不是終極的關懷 -- 3. 「為甚麼是我」、「為甚麼不是我」之類…… -- 4. 撒但?你注定是失敗的! -- 5. 苦苦相連 -- 6. 寵壞了! -- 7. 老婆婆不再來 -- 8. 豈有不容置疑的權利呢! -- 9. 沒有味覺的日子 -- 10. 神是要我們漂亮亮地活下去 -- 11. 生命不是一場家家酒 -- 12. 「死亡, 我會比你長命!」 -- 13. 另類作息 -- 14. 「最後今天」-- 15. 洞破撒但的詭計 -- 16. 勝過撒但的詭計 -- 17. 儒家對苦難的了解 -- 18. 道、佛對苦難的了解 -- 19. 宗教界的三個模式 -- 20. 神哲之旅 -- 21. 一個評估 -- 22. 苦難的操練 -- II 下篇 -- 23. 癌細胞不是無所不能的 -- 24. 警號響起來了 -- 25. 你需要知多些 -- 26. 不痛的體外放射 -- 27. 痛死人的體內放射 -- 28. 衣、食、住、行 -- 29. 假如你愛的人病了 -- 30. 你所愛的人病了 -- 31. 後遺症既兇且久? -- 32. 怎樣忍受痛苦? -- 33. 免疫療法--病人的新希望 -- 34. 禍從口入--建立免癌的生活方式 -- III. 續篇 -- 35. 舊病復發的恐懼 -- 36. 醫者父母心?--病人與醫生的關係 -- 37. 病人權益清單--一封醫生執筆的公開信 -- 38. 天助自助--不可以做和可以做的事 39. 親人的煎熬--學習合作 -- 40. 蒼天悠悠, 獨我憂憂--由復和到得生的路 -- 41. 長夜漫漫. | ||
| 650 | _aCancer -- Patients. | ||
| 650 | _aWitness bearing. (Christianity). | ||
| 942 |
_2ddc _cCB |
||
| 999 |
_c42 _d42 |
||